Progettare la vita (Record n. 211239)
[ formato base ]
| 000 -LEADER | |
|---|---|
| fixed length control field | 01465nam a2200205Ia 4500 |
| 001 - CONTROL NUMBER | |
| control field | b5861-39976 |
| 003 - CONTROL NUMBER IDENTIFIER | |
| control field | IT-MiCISF |
| 008 - FIXED-LENGTH DATA ELEMENTS--GENERAL INFORMATION | |
| fixed length control field | 161014s9999||||xx |||||||||||||| ||und|| |
| 040 ## - CATALOGING SOURCE | |
| Original cataloging agency | IT-MiCISF |
| Transcribing agency | IT-MiCISF |
| 041 ## - LANGUAGE CODE | |
| Language code of text/sound track or separate title | it |
| 999 ## - SYSTEM CONTROL NUMBERS (KOHA) | |
| Koha Dewey Subclass [OBSOLETE] | si |
| 100 ## - MAIN ENTRY--PERSONAL NAME | |
| Personal name | Pati Luigi |
| 245 #0 - TITLE STATEMENT | |
| Title | Progettare la vita |
| Remainder of title | Itinerari di educazione al matrimonio e alla famiglia |
| 250 ## - EDITION STATEMENT | |
| Edition statement | 1a ed. |
| 260 ## - PUBLICATION, DISTRIBUTION, ETC. (IMPRINT) | |
| Place of publication, distribution, etc. | Brescia |
| Name of publisher, distributor, etc. | La Scuola |
| Date of publication, distribution, etc. | 2004 |
| 300 ## - PHYSICAL DESCRIPTION | |
| Extent | pp. 309 |
| 500 ## - GENERAL NOTE | |
| General note | / educazione, matrimonio, educazione-familiare, rapporti-intergenerazionali, giovani, innamoramento, fidanzamento, genitorialità, famiglia-con-handicap, malattie-mentali, vedovanza / Il legame d'amore tra un uomo e una donna, concepito come radice del sistema familiare più ampio, poggia anche e soprattutto sul desiderio profondo dell'Io di incontrare il Tu in tutta la sua ricchezza esistenziale. I capitoli di cui si compone il volume delineano una "progettualità evolutiva" vincolata al trascorrere del tempo, alle incognite dell'esistenza, alle difficoltà del vivere, con frequenti riferimenti a testimonianze raccolte soprattutto mediante il metodo narrativo. L'A. muove dalla convinzione che il discorso pedagogico può dare ulteriore forza alla propria dimensione normativa se si avvale di un processo di rilevazione del dato, e in riferimento ad esso impiega le proprie categorie ermeneutiche. |
| 650 ## - SUBJECT ADDED ENTRY--TOPICAL TERM | |
| Topical term or geographic name as entry element | Genitorialità e problemi educativi / educazione |
| Relator term | 004 |
| 942 ## - ADDED ENTRY ELEMENTS (KOHA) | |
| Koha item type | LIBRO |
| 957 ## - | |
| -- | 1 |
| 999 ## - SYSTEM CONTROL NUMBERS (KOHA) | |
| -- | 1 |
| Withdrawn status | Lost status | Damaged status | Not for loan | Home library | Current library | Date acquired | Total Checkouts | Full call number | Date last seen | Price effective from | Koha item type | Public note |
|---|---|---|---|---|---|---|---|---|---|---|---|---|
| Buone Condizioni | Not For Loan | CISF - Milano | CISF - Milano | 14/10/2016 | b5861-39976 | 14/10/2016 | 14/10/2016 | LIBRO | Data import 15.10.2016 / by Epidotti, Vaglietti |